| 000 | 00697nam a2200205 i 4500 | ||
|---|---|---|---|
| 001 | 41134 | ||
| 003 | ES-MaACL | ||
| 005 | 20230906160358.0 | ||
| 007 | t| | ||
| 008 | 030310s1855 fr ||||1| fre d | ||
| 245 | 0 | 4 |
_aLes caquets de l'accouchée / _cannotée par Edouard Fournier avec une introduction par M. Le Roux de Lincy. |
| 260 |
_aParis : _bChez P. Jannet, _c1855 ( _fImp. Guirandet et Jonaust) |
||
| 300 |
_aXLVII, 300 p. ; _c17 cm. |
||
| 490 | 1 | _aBibliothèque elzévirienne | |
| 700 | 1 |
_aFournier, Edouard. _951978 |
|
| 700 | 1 |
_aLe Roux de Lincy, Antoine ( _d1806-1869) _9128795 |
|
| 830 | 0 |
_aBibliothèque elzévirienne _9180979 |
|
| 852 |
_aES-MaACL _jG-2369 |
||
| 999 |
_c41134 _d41134 |
||